<?xml version="1.0" encoding="UTF-8"?>
<record
    xmlns:xsi="http://www.w3.org/2001/XMLSchema-instance"
    xsi:schemaLocation="http://www.loc.gov/MARC21/slim http://www.loc.gov/standards/marcxml/schema/MARC21slim.xsd"
    xmlns="http://www.loc.gov/MARC21/slim">

  <leader>01001nam a2200205Ia 4500</leader>
  <controlfield tag="003">IN-BaIIA</controlfield>
  <controlfield tag="008">211028s9999    xx            000 0 eng d</controlfield>
  <datafield tag="020" ind1=" " ind2=" ">
    <subfield code="a">978-0-521-76499-5</subfield>
  </datafield>
  <datafield tag="040" ind1=" " ind2=" ">
    <subfield code="c">IIA Library</subfield>
  </datafield>
  <datafield tag="080" ind1=" " ind2=" ">
    <subfield code="a">082.2:52</subfield>
    <subfield code="b">IAU-S266</subfield>
  </datafield>
  <datafield tag="111" ind1=" " ind2=" ">
    <subfield code="a">Symposium of the International Astronomical Union Star Clusters, Basic Galactic Building Blocks Throughout Time and Space</subfield>
    <subfield code="n">266th</subfield>
    <subfield code="c">Rio De Janeiro</subfield>
    <subfield code="d">2009 Aug. 10-14</subfield>
    <subfield code="9">33611</subfield>
  </datafield>
  <datafield tag="245" ind1=" " ind2="0">
    <subfield code="a">Star clusters</subfield>
    <subfield code="b">proceedings of the 266th Symposium of the IAU on Star clusters, basic galactic building blocks throughout Time and Space, held in Rio de Janeiro, Brazil, 10-14 Aug 2009</subfield>
    <subfield code="c">edited by Richard De Grijs and Jacques R. D. Lepine                                       </subfield>
  </datafield>
  <datafield tag="260" ind1=" " ind2=" ">
    <subfield code="a">Cambridge</subfield>
    <subfield code="b">Cambridge University Press</subfield>
    <subfield code="c">2010</subfield>
  </datafield>
  <datafield tag="300" ind1=" " ind2=" ">
    <subfield code="a">[various pagings.]</subfield>
  </datafield>
  <datafield tag="650" ind1=" " ind2=" ">
    <subfield code="a">Clusters - congresses</subfield>
    <subfield code="9">32085</subfield>
  </datafield>
  <datafield tag="650" ind1=" " ind2=" ">
    <subfield code="a">Stars - congresses</subfield>
    <subfield code="9">31297</subfield>
  </datafield>
  <datafield tag="700" ind1=" " ind2=" ">
    <subfield code="a">De Grijs, Richard., ed.</subfield>
    <subfield code="9">31187</subfield>
  </datafield>
  <datafield tag="700" ind1=" " ind2=" ">
    <subfield code="a">Lepine, Jacques R. D., ed.</subfield>
    <subfield code="9">33612</subfield>
  </datafield>
  <datafield tag="942" ind1=" " ind2=" ">
    <subfield code="c">BK</subfield>
  </datafield>
  <datafield tag="999" ind1=" " ind2=" ">
    <subfield code="c">17735</subfield>
    <subfield code="d">17735</subfield>
  </datafield>
  <datafield tag="952" ind1=" " ind2=" ">
    <subfield code="0">0</subfield>
    <subfield code="1">0</subfield>
    <subfield code="4">0</subfield>
    <subfield code="7">0</subfield>
    <subfield code="a">BAN</subfield>
    <subfield code="b">BAN</subfield>
    <subfield code="c">GEN</subfield>
    <subfield code="d">2010-08-16</subfield>
    <subfield code="e">FBB   </subfield>
    <subfield code="l">0</subfield>
    <subfield code="o">082.2:52/ IAU-S266</subfield>
    <subfield code="p">18657</subfield>
    <subfield code="r">2021-11-05</subfield>
    <subfield code="w">2010-08-16</subfield>
    <subfield code="y">BK</subfield>
  </datafield>
</record>
